000 00577cam a22002053a 4500
001 42110
003 PGUSA
005 20140828083942.0
008 130216s2013||||xxu|||||s|||||000 | eng d
040 _aPGUSA
_beng
042 _adc
100 1 _aBergengren, Ralph,
_d1871-1947
245 1 4 _aThe Seven Ages of Man
_h[electronic resource] /
_cRalph Bergengren
260 _bProject Gutenberg,
_c2013
506 _aPublic domain in the USA.
516 _aElectronic text
830 0 _aProject Gutenberg
_v42110
856 4 0 _uhttp://www.gutenberg.org/ebooks/42110
942 _cEB
999 _c271362
_d271362